000 00955nam a2200241 a 4500
001 1194404
003 AM-YEHGA
005 20250617164511.0
008 170824s1962ru xxu|||||r|||||001|0|rus||
040 _aAM-YeHGA
041 0 _arus
245 0 0 _aАнтифашистское движение Сопротивления в странах Европы в годы второй мировой войны /
_cВ.С., Александров ; Л.Н. Андронников ; В.П. Бондаренко
260 _aМосква :
_bСоцэкгиз,
_c1962.
300 _a733 с. ;
_c20 см
504 _aБиблиогр. в подстроч. примеч.
650 1 4 _aՊատմություն
650 1 4 _aՀամաշխարհային պատերազմ, 1939-1945
700 1 _aАлександров В.С
700 1 _aАндронников, Л.Н.
700 1 _aБондаренко, В.П.
942 _2udc
_cBK
090 _c532553
999 _c525346
_d525346